Collection of scientific papers, Faculty of Agriculture in České Budějovice series for economics, management and trade

Guardado en:
Detalles Bibliográficos
Formato: Seriadas
Lenguaje:checo
inglés
Publicado: České Budějovice Jihočeská univerzita 2001
Materias:
Etiquetas: Agregar Etiqueta
Sin Etiquetas, Sea el primero en etiquetar este registro!

MARC

LEADER 00000nas2a2200000 4500
001 0006505
005 20160720111953.4
022 |a 1212-5598 
041 0 |a cze 
041 0 |a eng 
044 |a CZ 
245 1 0 |a Collection of scientific papers, Faculty of Agriculture in České Budějovice  |b series for economics, management and trade 
264 1 |a České Budějovice  |b Jihočeská univerzita  |c 2001 
300 |a 1 zv. 
773 0 |w eu_un_cat*s122027 
610 2 0 |a hospodárstvo národné 
610 2 0 |a poľnohospodárstvo 
610 2 0 |a manažment 
610 2 0 |a obchod 
610 2 0 |a školy vysoké